[Event "Wittelsbach op 1st"]
[Site "Kelheim"]
[Date "2012.12.29"]
[Round "6"]
[White "Schindler, Tobias"]
[Black "Klemp, Soeren"]
[Result "1/2-1/2"]
[WhiteElo "1465"]
[BlackElo "1822"]
[PlyCount "95"]
[EventDate "2012.12.26"]
[EventType "swiss"]
[EventRounds "7"]
[EventCountry "GER"]
[SourceTitle "EXT 2014"]
[Source "ChessBase"]
[SourceDate "2013.11.20"]
[SourceVersion "1"]
[SourceVersionDate "2013.11.20"]
[SourceQuality "1"]

1. c4 f5 2. g3 Nf6 3. Bg2 g6 4. Nc3 Bg7 5. e3 0-0 6. Nge2 e5 7. d3 Na6 8. 0-0 d6 9. Rb1 c6 10. b4 Nc7 11. Ba3 a6 12. Qc2 Be6 13. Bc1 d5 14. d4 e4 15. cxd5 Ncxd5 16. a4 Qe7 17. Ba3 b5 18. Nxd5 cxd5 19. a5 Rac8 20. Qd2 Rc4 21. Rfc1 Rfc8 22. Rxc4 Rxc4 23. Rc1 Qc7 24. Bf1 g5 25. Rxc4 dxc4 26. Bh3 h5 27. Bb2 g4 28. Bg2 Nh7 29. Kf1 Ng5 30. Ng1 Nf3 31. Nxf3 exf3 32. Bh1 Bd5 33. Ke1 Bf6 34. Bc3 h4 35. Kd1 Bg5 36. Qe1 Qh7 37. Kc1 hxg3 38. hxg3 Be4 39. Kb2 Qh2 40. Ka3 Bxe3 41. Qxe3 Qxh1 42. Qg5+ Kf7 43. Qd8 Qc1+ 44. Bb2 Qh6 45. Qd7+ Kg8 46. Qe8+ Qf8 47. Qg6+ Qg7 48. Qe8+ 1/2-1/2

[Event "Wittelsbach op 1st"]
[Site "Kelheim"]
[Date "2012.12.27"]
[Round "3"]
[White "Klemp, Soeren"]
[Black "Bartmann, Florian"]
[Result "1/2-1/2"]
[WhiteElo "1822"]
[BlackElo "1665"]
[PlyCount "73"]
[EventDate "2012.12.26"]
[EventType "swiss"]
[EventRounds "7"]
[EventCountry "GER"]
[SourceTitle "EXT 2014"]
[Source "ChessBase"]
[SourceDate "2013.11.20"]
[SourceVersion "1"]
[SourceVersionDate "2013.11.20"]
[SourceQuality "1"]

1. e4 c5 2. Nc3 Nc6 3. Bb5 a6 4. Bxc6 bxc6 5. f4 d6 6. d3 e6 7. Nf3 g6 8. 0-0 Bg7 9. Qe1 Rb8 10. Ne2 Ne7 11. c3 a5 12. d4 cxd4 13. Nfxd4 c5 14. Nc2 0-0 15. Rf3 f5 16. Ng3 Re8 17. exf5 Nxf5 18. Ne4 Bb7 19. Rh3 Bxe4 20. Qxe4 d5 21. Qe2 e5 22. fxe5 Bxe5 23. Qg4 d4 24. Bg5 Qc7 25. b3 dxc3 26. Qc4+ Kh8 27. Rf1 Rb7 28. g4 Nd4 29. Ne3 Bg7 30. Rf6 Qe5 31. Rxg6 Rb4 32. Qf7 Rf8 33. Qxf8+ Bxf8 34. Bf6+ Qxf6 35. Rxf6 Kg7 36. Rf2 a4 37. Rh5 1/2-1/2

[Event "Nittenau-ch 06th"]
[Site "Nittenau"]
[Date "2006.09.17"]
[Round "4"]
[White "Karwath, Hermann"]
[Black "Klemp, Soeren"]
[Result "0-1"]
[WhiteElo "1306"]
[BlackElo "1419"]
[PlyCount "56"]
[EventDate "2006.09.15"]
[EventType "swiss"]
[EventRounds "5"]
[EventCountry "GER"]
[SourceTitle "EXT 2022"]
[Source "ChessBase"]
[SourceDate "2021.10.06"]
[SourceVersion "1"]
[SourceVersionDate "2021.10.06"]
[SourceQuality "1"]

1. e4 d5 2. d4 dxe4 3. Nc3 Nf6 4. Bc4 Bf5 5. f3 e6 6. fxe4 Nxe4 7. Nxe4 Bxe4 8. Nf3 Be7 9. 0-0 0-0 10. c3 Nd7 11. Be3 Nb6 12. Bb3 Nd5 13. Bd2 c5 14. c4 Nf6 15. Bc3 Qc7 16. h3 Rad8 17. Qe2 Bxf3 18. Qxf3 cxd4 19. Be1 Bd6 20. Bf2 e5 21. Bg3 e4 22. Bxd6 Qxd6 23. Qe2 Rfe8 24. Ba4 Re7 25. Rac1 Qc5 26. Qf2 e3 27. Qg3 Qe5 28. Qe1 d3 0-1